Coniugazione - Fare - Statistics

Statistiche generali
  • Questo quiz è stato fatto 7 volte
  • Il punteggio medio è 45 su 47
Statistiche sulle risposte
Tempo Coniugazione % Corretto
Lui o Lei Fa
100%
che io o tu o lui o lei. Faccia
100%
(lui o lei) Faccia
100%
Noi Facciamo
100%
che noi Facciamo
100%
(noi) Facciamo
100%
che loro Facciano
100%
(loro) Facciano
100%
che voi Facciate
100%
Io Faccio
100%
Voi Faceste
100%
Tu Facesti
100%
Lui o Lei Faceva
100%
Noi Facevamo
100%
Loro Facevano
100%
Voi Facevate
100%
Tu Facevi
100%
Io Facevo
100%
Tu Fai
100%
(tu) Fai
100%
Loro Fanno
100%
Lui o Lei Farà
100%
Tu Farai
100%
Loro Faranno
100%
Lui o Lei Farebbe
100%
Loro Farebbero
100%
Io Farei
100%
Noi Faremmo
100%
Noi Faremo
100%
Voi Fareste
100%
Tu Faresti
100%
Voi Farete
100%
Io Farò
100%
Voi Fate
100%
Noi Facemmo
86%
che lui o lei Facesse
86%
che loro Facessero
86%
che io o tu Facessi
86%
che noi Facessimo
86%
che voi Faceste
86%
(voi) Fate
86%
Passato Fatto
86%
Lui o Lei Fece
86%
Loro Fecero
86%
Io Feci
86%
Presente Facendo
71%
Presente Facente
71%
Nessun quiz corrispondente trovato
Distribuzione punteggi
Percentuale di utenti per punteggio
Percentile per numero di risposta
I tuoi punteggi nel tempo
Non hai fatto questo quiz